CC CHATTERJEES HUMAN PHYSIOLOGY VOL- I (Record no. 32816)

MARC details
000 -LEADER
fixed length control field 00353nam a22001577a 4500
003 - CONTROL NUMBER IDENTIFIER
control field SGT
020 ## - INTERNATIONAL STANDARD BOOK NUMBER
International Standard Book Number 9789354669934
082 ## - DEWEY DECIMAL CLASSIFICATION NUMBER
Classification number 612
Item number JOH
100 ## - MAIN ENTRY--PERSONAL NAME
Personal name JOHN NITIN ASHOK
245 ## - TITLE STATEMENT
Title CC CHATTERJEES HUMAN PHYSIOLOGY VOL- I
250 ## - EDITION STATEMENT
Edition statement 15TH
260 ## - PUBLICATION, DISTRIBUTION, ETC. (IMPRINT)
Place of publication, distribution, etc INDIA
Name of publisher, distributor, etc CBS PUB
Year of Publication 2026
300 ## - PAGE DESCRIPTION
No. of Pages 538
650 ## - SUBJECT ADDED ENTRY--TOPICAL TERM
Topical term or geographic name as entry element HUMAN PHYSIOLOGY
942 ## - ADDED ENTRY ELEMENTS (KOHA)
Source of classification or shelving scheme Dewey Decimal Classification
Koha item type Books
Holdings
Withdrawn status Lost status Source of classification or shelving scheme Damaged status Not for loan Collection code Home library Current library Shelving location Date acquired Vendor Name Cost, normal purchase price SGTU Bill Number Full call number Accession No. (Barcode) Date last seen Bill Date Koha item type Total Checkouts
    Dewey Decimal Classification   Not For Loan SCIENCE SGT Science & Social Sciences Library SGT Science & Social Sciences Library Reference Book 16/10/2025 ABC DELHI 1095.00 SGTU 21721 612 JOH DP316 16/10/2025 17/09/2025 Books  
    Dewey Decimal Classification     SCIENCE SGT Science & Social Sciences Library SGT Science & Social Sciences Library Text Book 16/10/2025 ABC DELHI 1095.00 SGTU 21721 612 JOH DP317 16/10/2025 17/09/2025 Books  
    Dewey Decimal Classification     SCIENCE SGT Science & Social Sciences Library SGT Science & Social Sciences Library Text Book 16/10/2025 ABC DELHI 1095.00 SGTU 21721 612 JOH DP318 16/10/2025 17/09/2025 Books  
    Dewey Decimal Classification     SCIENCE SGT Science & Social Sciences Library SGT Science & Social Sciences Library Text Book 16/10/2025 ABC DELHI 1095.00 SGTU 21721 612 JOH DP319 16/10/2025 17/09/2025 Books  
    Dewey Decimal Classification     SCIENCE SGT Science & Social Sciences Library SGT Science & Social Sciences Library Text Book 16/10/2025 ABC DELHI 1095.00 SGTU 21721 612 JOH DP320 16/10/2025 17/09/2025 Books